000 00658nam a2200229Ia 4500
005 20250508164420.0
008 008 250505s9999 xx 000 0 eng d
020 _a01956 5834-5
037 _aTextual
040 _aFEDL
_beng
_cFEDL
041 _aeng
_2eng
084 _a305.568, BET
_qFEDL
100 _aBeteille Andre
245 0 _aCaste, class and power: Changing patterns of stratification in a Tanjore village
250 _a2
260 _aNew Delhi, India
_bOxford University Press
_c2007
300 _a298p
365 _aINR
_b295
650 _aSocial classes
942 _cTEXL
_h305.568, BET
999 _c1389019
_d1389019